000 00796cab a2200217 4500
001 WB2825-29
008 090401t1992 xxu||||| |||| 00| 0 eng d
035 _a(Sirsi) u43870
041 _aeng
245 _aCrown Exemption from the planning system to end
260 _c1992
350 _a0
490 _aDoE News Release
_v(441) 24 June 1992 (3)
520 _aThe Planning Minister has announced that Crown exemption from the planning system is to be brought to the end. A consultation paper is expected to be published in a few weeks time. Proposals are intended to cover Scotland as well as England and Wales.
650 _aCONSULTATION PAPER
650 _aCROWN EXEMPTION
650 _aPLANNING PROCESS
690 _aPLANNING LAW AND PRACTICE
942 _n0
948 _c04/03/1997
999 _c27965
_d27965